<?xml version="1.0" encoding="UTF-8"?>
<record
    xmlns:xsi="http://www.w3.org/2001/XMLSchema-instance"
    xsi:schemaLocation="http://www.loc.gov/MARC21/slim http://www.loc.gov/standards/marcxml/schema/MARC21slim.xsd"
    xmlns="http://www.loc.gov/MARC21/slim">

  <leader>01057nam a22001457a 4500</leader>
  <datafield tag="999" ind1=" " ind2=" ">
    <subfield code="c">26626</subfield>
    <subfield code="d">26626</subfield>
  </datafield>
  <datafield tag="020" ind1=" " ind2=" ">
    <subfield code="a">9780081020173</subfield>
  </datafield>
  <datafield tag="082" ind1=" " ind2=" ">
    <subfield code="a">025.04</subfield>
    <subfield code="b">ANT-P</subfield>
  </datafield>
  <datafield tag="245" ind1=" " ind2=" ">
    <subfield code="a">Practical for Informationists</subfield>
    <subfield code="b">: Supporting Research and Clinical Practise</subfield>
  </datafield>
  <datafield tag="260" ind1=" " ind2=" ">
    <subfield code="a">Cambridge</subfield>
    <subfield code="b">Chandos Publishing</subfield>
    <subfield code="c">2018</subfield>
  </datafield>
  <datafield tag="300" ind1=" " ind2=" ">
    <subfield code="a">vi,92p.</subfield>
  </datafield>
  <datafield tag="520" ind1=" " ind2=" ">
    <subfield code="a">A Practical Guide for Informationists: Supporting Research and Clinical Practice guides new informationists to a successful career, giving them a pathway to this savvier, more technically advanced, domain-focused role in modern day information centers and libraries. The book's broad scope serves as an invaluable toolkit for healthcare professionals, researchers and graduate students in information management, library and information science, data management, informatics, etc. Furthermore, it is also ideal as a textbook for courses in medical reference services/medical informatics in MLIS programs.</subfield>
  </datafield>
  <datafield tag="650" ind1=" " ind2=" ">
    <subfield code="a">Library Science</subfield>
    <subfield code="v">Information science</subfield>
    <subfield code="v">Medical Information</subfield>
    <subfield code="v">Information System</subfield>
  </datafield>
  <datafield tag="700" ind1=" " ind2=" ">
    <subfield code="a">DeRosa, Antonio P. </subfield>
  </datafield>
  <datafield tag="942" ind1=" " ind2=" ">
    <subfield code="2">ddc</subfield>
    <subfield code="c">BK</subfield>
  </datafield>
  <datafield tag="952" ind1=" " ind2=" ">
    <subfield code="0">0</subfield>
    <subfield code="1">0</subfield>
    <subfield code="4">0</subfield>
    <subfield code="7">0</subfield>
    <subfield code="a">NASSDOC</subfield>
    <subfield code="b">NASSDOC</subfield>
    <subfield code="d">2021-03-03</subfield>
    <subfield code="e">Overseas Press India Private Limited</subfield>
    <subfield code="g">4289.71</subfield>
    <subfield code="i">2021-02-22</subfield>
    <subfield code="l">0</subfield>
    <subfield code="o">025.04 PRA-</subfield>
    <subfield code="p">51333</subfield>
    <subfield code="r">2021-03-03 00:00:00</subfield>
    <subfield code="v">5876.32</subfield>
    <subfield code="w">2021-03-03</subfield>
    <subfield code="y">BK</subfield>
  </datafield>
</record>
